1469 1476 1031 1793 1381 1894 1149 1547 1367 1550 1864 1029 1426 1346 1458 1721 1290 1896 1224 1839 1949 1728 1720 1621 1276 1422 1541 1413 1320 1784 1735 1706 1702 1348 1290 1532 1920 1337 1535 1726 1128 1951 1599 1636 1123 1698 1925 1884 1006 1553 1419 1535 1345 1979 1830 1690 1852 1628 1004 1369 1683 1986 1472 1233 1101 1774 1872 1860 1181 1096 1542 1970 1427 1844 1860 1559 1280 1149 1414 1230 1169 1035 1313 1256 1732 1506 1138 1667 1071 1998 1723 1473 1100 1755 1004 1029 1989 1214 1961 BCNSPRNW ULIB Ver.6.0+V

เปลี่ยนเป็นภาษาไทย

Change to English
 แสดงรายละเอียดบรรณานุกรม
  กลับหน้าหลัก

Brief Record : Get Marc (ISO 2709) : E-mail record : QR code < ปิดหน้าต่าง
LEADER : 00000nam 2200000uu 4500
001    13399113297
003     ULIB
008    111006s2547||||th 000 0 tha d
020    9789749233641
020    9749233646
050  4 TR267^bณ429ต 2547
100 0  ณาตยา ฉาบนาค
245 10 แต่งภาพโดนใจจากไฟล์กล้องดิจิตอล /^cณาตยา ฉาบนาค
250    พิมพ์ครั้งที่ 1
260    กรุงเทพฯ :^bเอส.พี.ซี. บุ๊คส์,^c2547
300    244 หน้า :^bภาพประกอบ ;^c21 ซม.
650  4 การถ่ายภาพ
650  4 การประมวลผลภาพ^xเทคนิคดิจิตอล
650  4 กล้องถ่ายรูปดิจิตอล
945    ^p129^l0^i025029
995    ทศพร
999 ^a ทศพร
รายการนี้ยังไม่มีแท็ก
คุณยังไม่ได้ล็อกอิน คุณสามารถมีกิจกรรมร่วมกับเว็บไซต์ได้ แต่ต้องล็อกอินก่อน ::
  ล็อกอิน

รายการสื่อสารสนเทศ

ลำดับที่ ประเภท เลขเรียก/บาร์โค้ด สถานที่ สถานะ
- ไม่พบข้อมูล -

รายการใกล้เคียง
    ผู้แต่ง [ณาตยา ฉาบนาค]

    หัวเรื่อง [การถ่ายภาพ]
    หัวเรื่อง [กล้องถ่ายรูปดิจิตอล]

BibComment


ยังไม่เคยถูกคอมเมนท์

คอมเมนท์ทรัพยากรรายการนี้
  คอมเมนท์: แต่งภาพโดนใจจากไฟ..


 Copyright 2026. Bcnsprnw @Library